[Event "ICS rated blitz match"]
[Site "204.178.125.65"]
[Date "2000.02.10"]
[Round "?"]
[White "Hossa"]
[Black "Amateur"]
[Result "0-1"]
[WhiteElo "2427"]
[BlackElo "2410"]
[PlyCount "158"]

1. e4 d6 2. d4 Nf6 3. Nc3 g6 4. f4 Bg7 5. Nf3 O-O 6. Bd3 Nc6 7. e5 dxe5 8. fxe5
Nd5 9. O-O Be6 10. Bb5 Nxc3 11. bxc3 Bd5 12. Qe2 Qd7 13. Qf2 a6 14. Bd3 Qg4 15.
Be2 f6 16. Ng5 Qd7 17. exf6 exf6 18. Nh3 Rfe8 19. Nf4 Bf7 20. Rb1 b5 21. Ra1
Rab8 22. a4 bxa4 23. Rxa4 a5 24. Ra1 Ra8 25. Be3 Qd6 26. Bb5 Re4 27. Qf3 f5 28.
Ra4 Rb8 29. Bd3 Re7 30. Bc1 Ree8 31. Ba3 Qf6 32. Nd5 Qd8 33. Ne3 Qd7 34. Qf4
Ra8 35. Bb5 Re4 36. Qf2 Bh6 37. Bc1 Bg7 38. Bd2 Bh6 39. Ng4 Rxg4 40. Bxh6 Bd5
41. g3 Qe7 42. Re1 Re4 43. Rea1 Rb8 44. Qf1 Qf7 45. Bxc6 Bxc6 46. Rxa5 Bd5 47.
Rc5 Rbe8 48. c4 Bb7 49. Bf4 Rxd4 50. Rxc7 Rd7 51. Rxd7 Qxd7 52. Rd1 Qc6 53. Rd5
Qb6+ 54. c5 Qb4 55. c6 Bxc6 56. Rd1 Qe4 57. g4 Qh1+ 58. Kf2 Qf3+ 59. Kg1 Qxg4+
60. Bg3 Bb5 61. Rd3 f4 62. Qd1 Qxd1+ 63. Rxd1 fxg3 64. hxg3 Ba4 65. Rd2 Rc8 66.
c3 Rxc3 67. Rd8+ Kf7 68. Kh2 Bc6 69. Rd2 h5 70. Kh3 g5 71. Kh2 Rc1 72. g4 Rh1+
73. Kg3 h4+ 74. Kf2 Rh2+ 75. Kf1 Rxd2 76. Ke1 Rg2 77. Kd1 h3 78. Kc1 h2 79. Kd1
h1=Q# 0-1

[Event "ICS rated blitz match"]
[Site "204.178.125.65"]
[Date "2000.02.10"]
[Round "?"]
[White "Hossa"]
[Black "DiepX"]
[Result "0-1"]
[WhiteElo "2417"]
[BlackElo "2557"]
[PlyCount "134"]

1. e4 e5 2. Nf3 Nc6 3. Bb5 a6 4. Ba4 Nf6 5. O-O Be7 6. Re1 b5 7. Bb3 d6 8. c3
O-O 9. h3 Nb8 10. d4 Nbd7 11. Nbd2 Bb7 12. Bc2 Re8 13. Nf1 Bf8 14. Ng3 g6 15.
a4 c5 16. d5 c4 17. Bg5 h6 18. Be3 Nc5 19. Qd2 h5 20. Bxc5 dxc5 21. Qe3 Qc7 22.
axb5 axb5 23. Red1 Nh7 24. Ne2 Qd6 25. Ra3 Rxa3 26. bxa3 Bg7 27. Rb1 Ba6 28.
Rb2 Rb8 29. Qd2 Bc8 30. Bb1 Bd7 31. Qe3 Ra8 32. Ra2 Qf8 33. Nd2 Bh6 34. Qg3 Qd6
35. Nf3 Bg7 36. Kh2 Ra7 37. Kh1 Kf8 38. Ng5 Nxg5 39. Qxg5 Ra8 40. Kh2 Kg8 41.
Kg1 Kh7 42. Qe3 Bh6 43. Qf3 Kg8 44. Kh1 Bg5 45. Qg3 Qf6 46. Kg1 h4 47. Qh2 Qd6
48. Qh1 Kg7 49. Kf1 b4 50. axb4 Rxa2 51. Bxa2 Qa6 52. f4 Qxa2 53. Qh2 Qb1+ 54.
Kf2 exf4 55. bxc5 Qxe4 56. c6 Bf5 57. Ke1 Qb1+ 58. Kf2 Qd3 59. Ke1 f3 60. Qe5+
Bf6 61. Qe8 fxe2 62. Kf2 Qg3+ 63. Kxe2 Qxg2+ 64. Ke3 Bd3 65. Qxf7+ Kxf7 66. d6
Qe2+ 67. Kf4 g5# 0-1

[Event "ICS rated blitz match"]
[Site "204.178.125.65"]
[Date "2000.02.10"]
[Round "?"]
[White "Hossa"]
[Black "DonTomaso"]
[Result "1-0"]
[WhiteElo "2414"]
[BlackElo "2100"]
[PlyCount "38"]

1. e4 c5 2. Nf3 g6 3. d4 Bg7 4. dxc5 Qa5+ 5. c3 Qxc5 6. Be3 Qc7 7. Bd4 Nf6 8.
e5 Ng4 9. Na3 a6 10. Nc4 Nc6 11. Nb6 Nxd4 12. Qxd4 Nxe5 13. Nxa8 Qb8 14. O-O-O
O-O 15. Nxe5 Bxe5 16. Qe4 d6 17. Nb6 Bf5 18. Qe3 Bg7 19. Nd5 e6 1-0

[Event "ICS rated blitz match"]
[Site "204.178.125.65"]
[Date "2000.02.10"]
[Round "?"]
[White "StrongBach"]
[Black "Hossa"]
[Result "0-1"]
[WhiteElo "1925"]
[BlackElo "2419"]
[PlyCount "54"]

1. c3 c5 2. e4 d5 3. Qf3 dxe4 4. Qxe4 Nc6 5. Bb5 Bd7 6. Qe2 a6 7. Ba4 Bf5 8.
Qf3 Qd7 9. d4 cxd4 10. Bxc6 bxc6 11. cxd4 Rd8 12. Qc3 c5 13. Qxc5 Rc8 14. Bf4
Rxc5 15. dxc5 Qb7 16. Nf3 Qxb2 17. Nd4 Qxd4 18. Nc3 Qxc3+ 19. Ke2 Bd3+ 20. Kf3
Bb1+ 21. Kg4 h5+ 22. Kh4 Qf6+ 23. Bg5 Qxf2+ 24. g3 Qf5 25. h3 f6 26. Bf4 g5+
27. Bxg5 fxg5# 0-1

[Event "ICS rated bullet match"]
[Site "204.178.125.65"]
[Date "2000.02.10"]
[Round "?"]
[White "Hossa"]
[Black "JSBach"]
[Result "1-0"]
[WhiteElo "2462"]
[BlackElo "2116"]
[PlyCount "69"]

1. e4 e5 2. Nf3 Qf6 3. Nc3 Bc5 4. Nd5 Qd6 5. d4 exd4 6. Bf4 Qc6 7. Nxd4 Bxd4 8.
Qxd4 Kf8 9. Nxc7 Qxc2 10. Rc1 Qxc7 11. Rxc7 Ne7 12. Rxc8+ Nxc8 13. Qb4+ d6 14.
Qxb7 Nb6 15. Bxd6+ Kg8 16. Bxb8 h5 17. Bxa7 Rh6 18. a3 Rxa7 19. Qxa7 Re6 20.
Bd3 Nc8 21. Qa8 Re8 22. Qd5 g6 23. Qd7 Rf8 24. Ba6 Nb6 25. Qa7 Na8 26. Bc4 Kg7
27. Bd5 Rc8 28. Kd2 Nc7 29. Rc1 Nxd5 30. Rxc8 Nf6 31. Qd4 h4 32. Rc6 Kf8 33.
Qxf6 Ke8 34. Rd6 h3 35. Rd8# 1-0

[Event "ICS Rated blitz match"]
[Site "204.178.125.65"]
[Date "2000.02.10"]
[Round "?"]
[White "Hossa"]
[Black "HaraldLdahl"]
[Result "1-0"]
[WhiteElo "2421"]
[BlackElo "2142"]
[PlyCount "60"]

1. e4 Nf6 2. e5 Nd5 3. d4 d6 4. c4 Nb6 5. exd6 cxd6 6. h3 g6 7. Nf3 Bg7 8. Nc3
O-O 9. Be2 Nc6 10. Be3 Bf5 11. O-O d5 12. c5 Nc4 13. Qb3 N6a5 14. Qb4 b6 15.
Rac1 bxc5 16. Qxc5 Be4 17. Ng5 Nxe3 18. fxe3 Bh6 19. Ngxe4 dxe4 20. Kf2 f5 21.
b4 Nb7 22. Qe5 Nd6 23. Nd5 Re8 24. Qe6+ Kh8 25. Nc7 f4 26. exf4 Bxf4 27. Nxe8
Nxe8 28. Rcd1 e3+ 29. Kg1 Bh6 30. Rf7 Bg5 1-0

[Event "ICS Rated blitz match"]
[Site "204.178.125.65"]
[Date "2000.02.10"]
[Round "?"]
[White "petur3"]
[Black "Hossa"]
[Result "0-1"]
[WhiteElo "2138"]
[BlackElo "2426"]
[PlyCount "62"]

1. d4 d5 2. c4 e6 3. Nc3 Nf6 4. cxd5 exd5 5. Bg5 Be7 6. e3 O-O 7. Bd3 c6 8.
Nge2 Ng4 9. Bxe7 Qxe7 10. Qc2 g6 11. h3 Nf6 12. O-O-O Be6 13. Nf4 Nbd7 14. g4
Nb6 15. Kb1 Rfe8 16. g5 Nfd7 17. h4 Bg4 18. Rdg1 Bf3 19. Rh3 Be4 20. Bxe4 dxe4
21. h5 Rab8 22. hxg6 fxg6 23. Qb3+ Kg7 24. Rgh1 Nf8 25. Rg3 Qd7 26. Rh4 Rbd8
27. Nfe2 Qf5 28. Rf4 Qe6 29. Qd1 Nd5 30. Rxe4 Qf5 31. Qc2 Nb4 0-1

[Event "ICS Rated blitz match"]
[Site "204.178.125.65"]
[Date "2000.02.10"]
[Round "?"]
[White "Hossa"]
[Black "petur3"]
[Result "1-0"]
[WhiteElo "2431"]
[BlackElo "2133"]
[PlyCount "39"]

1. e4 c5 2. Nf3 e6 3. d4 cxd4 4. Nxd4 Bc5 5. Nb3 Bb6 6. Nc3 Ne7 7. e5 Nbc6 8.
f4 O-O 9. Ne4 Nf5 10. c4 Nxe5 11. c5 Ba5+ 12. Nxa5 Qxa5+ 13. Bd2 Qc7 14. fxe5
Qxe5 15. Qa4 Nd4 16. Be3 Nf5 17. Bf2 b5 18. Bxb5 Bb7 19. c6 dxc6 20. Bd3 1-0

[Event "ICS Rated blitz match"]
[Site "204.178.125.65"]
[Date "2000.02.10"]
[Round "?"]
[White "petur3"]
[Black "Hossa"]
[Result "0-1"]
[WhiteElo "2128"]
[BlackElo "2436"]
[PlyCount "98"]

1. e4 e5 2. Nf3 Nc6 3. Bb5 a6 4. Ba4 Nf6 5. O-O Be7 6. Re1 b5 7. Bb3 d6 8. c3
O-O 9. h3 Bb7 10. d4 Re8 11. Nbd2 Bf8 12. Bc2 g6 13. Nf1 exd4 14. cxd4 Nb4 15.
d5 c6 16. dxc6 Bxc6 17. Ng3 Nxc2 18. Qxc2 Rc8 19. Qd3 Qc7 20. Bf4 Qb7 21. Nd2
d5 22. e5 Nd7 23. Nf3 Nc5 24. Qf1 Ne6 25. Bd2 d4 26. Ng5 Bg7 27. Nxe6 fxe6 28.
f3 Qb8 29. f4 Rf8 30. Qd3 Qb6 31. Rac1 Rcd8 32. Ne4 Bd5 33. b3 Bc6 34. Kh2 a5
35. Ng5 Bd5 36. Rc2 a4 37. Rec1 axb3 38. axb3 Qa6 39. Rc7 Qa2 40. R1c2 Qa8 41.
Bc1 b4 42. Re7 Rde8 43. Rxe8 Qxe8 44. Qxd4 h6 45. Ne4 Bxb3 46. Rb2 Bd5 47. Nd6
Qc6 48. Qxb4 Qxc1 49. Qb6 Qxf4+ 0-1

[Event "ICS rated standard match"]
[Site "204.178.125.65"]
[Date "2000.02.10"]
[Round "?"]
[White "gambitmaster"]
[Black "Hossa"]
[Result "1-0"]
[WhiteElo "2397"]
[BlackElo "2266"]
[PlyCount "65"]

1. d4 d5 2. c4 e6 3. Nc3 Nf6 4. Nf3 Bb4 5. Bg5 dxc4 6. e4 c5 7. e5 cxd4 8. Qa4+
Nc6 9. O-O-O Bd7 10. Ne4 Be7 11. exf6 gxf6 12. Bh4 Rc8 13. Kb1 Na5 14. Qc2 e5
15. Nxd4 exd4 16. Rxd4 Qb6 17. Rxd7 Kxd7 18. Be2 f5 19. Rd1+ Ke8 20. Nd6+ Bxd6
21. Qxf5 Qc5 22. Rd5 Qc7 23. Rxd6 Nc6 24. Bh5 Ra8 25. Re6+ Kf8 26. Bg3 Rd8 27.
Bxc7 Rd1+ 28. Bxd1 h6 29. Bh5 Ne5 30. Bxe5 Rh7 31. Bd6+ Kg8 32. Re8+ Kg7 33.
Qxf7# 1-0

[Event "ICS Rated standard match"]
[Site "204.178.125.65"]
[Date "2000.02.10"]
[Round "?"]
[White "Hossa"]
[Black "gambitmaster"]
[Result "0-1"]
[WhiteElo "2256"]
[BlackElo "2407"]
[PlyCount "160"]

1. e4 c5 2. Nf3 d6 3. d4 cxd4 4. Nxd4 Nf6 5. Nc3 g6 6. Be3 Bg7 7. f3 Nc6 8. Qd2
O-O 9. Be2 d5 10. O-O-O Nxd4 11. Bxd4 dxe4 12. fxe4 Qa5 13. Rhf1 Be6 14. a3
Rfd8 15. Qf4 Rxd4 16. Rxd4 Nh5 17. Qe3 Bxd4 18. Qxd4 Qg5+ 19. Kb1 Qxg2 20. Qe5
Nf6 21. Qf4 Rc8 22. Rf2 Qg1+ 23. Rf1 Qb6 24. Kc1 Qc7 25. Qxc7 Rxc7 26. Rd1 b6
27. Rd8+ Kg7 28. Kd2 h6 29. Ke3 g5 30. a4 a5 31. Rb8 Nd7 32. Rd8 Ne5 33. Rb8
Rc6 34. Re8 Kf6 35. Rh8 Kg6 36. Re8 Rc7 37. Rb8 Nd7 38. Rg8+ Kf6 39. Rh8 Rc5
40. Rg8 Bc4 41. Rh8 Kg7 42. Re8 Bxe2 43. Kxe2 e6 44. Rd8 Ne5 45. h3 h5 46. Rb8
Rc6 47. Ke1 Nf3+ 48. Kf2 Nd4 49. Rd8 Nxc2 50. Rd2 Nb4 51. Rd7 Na6 52. e5 Rc4
53. Rd6 Rb4 54. Rd2 Nc5 55. Kg1 Nxa4 56. Nxa4 Rxa4 57. Re2 Rb4 58. Kh2 Kg6 59.
Kg1 Kf5 60. Rg2 g4 61. Rf2+ Kxe5 62. Re2+ Re4 63. Rc2 g3 64. Rc7 f5 65. Kg2 h4
66. Kf1 f4 67. Rc3 Re3 68. Rc1 f3 69. Rc2 g2+ 70. Rxg2 fxg2+ 71. Kxg2 Rg3+ 72.
Kf2 Ke4 73. Ke2 Rg2+ 74. Kd1 Kd3 75. Ke1 Re2+ 76. Kf1 Rxb2 77. Ke1 a4 78. Kf1
a3 79. Ke1 a2 80. Kf1 a1=Q# 0-1

[Event "ICS Rated blitz match"]
[Site "204.178.125.65"]
[Date "2000.02.10"]
[Round "?"]
[White "Hossa"]
[Black "star"]
[Result "0-1"]
[WhiteElo "2441"]
[BlackElo "2529"]
[PlyCount "162"]

1. e4 e5 2. Nf3 Nc6 3. Bb5 a6 4. Ba4 Nf6 5. O-O Be7 6. Re1 b5 7. Bb3 O-O 8. c3
d6 9. h3 Nb8 10. d4 Nbd7 11. Bd2 Bb7 12. Bc2 c5 13. a4 b4 14. dxe5 dxe5 15. Bg5
Qc7 16. Nh4 c4 17. Nf5 Bc5 18. cxb4 Bxb4 19. Nc3 Rab8 20. Re2 Rfc8 21. Nd5 Bxd5
22. exd5 Bd6 23. Ra2 Rb6 24. Rd2 h6 25. Be3 Rb4 26. Nxd6 Qxd6 27. Bf5 Rc7 28.
Qf3 Nb6 29. Bxb6 Rxb6 30. Ra3 Rc5 31. Be4 Rb4 32. Re3 Rxa4 33. Rd1 Rb4 34. Qe2
Qb8 35. Rd2 Ra4 36. Qd1 Rca5 37. Qc2 Ra1+ 38. Kh2 Qd6 39. Qxc4 Rc5 40. Qb4 Rh1+
41. Kg3 Nh5+ 42. Kg4 g6 43. Rc3 f5+ 44. Bxf5 e4 45. Be6+ Kf8 46. Rf3+ exf3 47.
Kxf3 Nf6 48. Rd4 Rhc1 49. Qb7 Rc7 50. Qb3 R1c2 51. Qe3 g5 52. Qb3 Qe5 53. Qa3+
Ke8 54. Qe3 Qxe3+ 55. fxe3 Rxb2 56. Bf5 Rc5 57. Be4 a5 58. g4 Rb4 59. Bg6+ Kd7
60. Bf7 Rxd4 61. exd4 Rc3+ 62. Kf2 Rxh3 63. Kf1 Rh1+ 64. Ke2 a4 65. Kd2 a3 66.
d6 Rh2+ 67. Kc3 Kxd6 68. Kb4 a2 69. Bxa2 Rxa2 70. Kb3 Rg2 71. Kc3 Kd5 72. Kb4
Rg3 73. Kb5 Rb3+ 74. Ka4 Kc4 75. Ka5 Kxd4 76. Ka4 Kc4 77. Ka5 Kc5 78. Ka6 Rb1
79. Ka7 Kc6 80. Ka8 Nd7 81. Ka7 Ra1# 0-1

[Event "ICS rated blitz match"]
[Site "204.178.125.65"]
[Date "2000.02.10"]
[Round "?"]
[White "SharpShooter"]
[Black "Hossa"]
[Result "0-1"]
[WhiteElo "2844"]
[BlackElo "2429"]
[PlyCount "100"]

1. e4 e5 2. Nf3 Nc6 3. Bb5 a6 4. Ba4 Nf6 5. O-O Be7 6. Re1 b5 7. Bb3 d6 8. c3
O-O 9. h3 Bb7 10. d4 Re8 11. Nbd2 Bf8 12. a4 h6 13. Bc2 exd4 14. cxd4 Nb4 15.
Bb1 c5 16. d5 Nd7 17. Ra3 f5 18. exf5 Bxd5 19. Ne4 Bf7 20. Nxd6 Rxe1+ 21. Nxe1
Nb6 22. Bf4 Nc4 23. Be4 Ra7 24. axb5 Bxd6 25. Bxd6 Rd7 26. bxa6 Rxd6 27. Qxd6
Qxd6 28. a7 Nb6 29. a8=Q+ Nxa8 30. Rxa8+ Kh7 31. Ra7 Qd4 32. Re7 Kg8 33. Nf3
Qxb2 34. g4 Bd5 35. Kf1 Bxe4 36. Rxe4 Nd3 37. Re2 Qc1+ 38. Ne1 Kf7 39. Re3 Nf4
40. Rf3 Qc4+ 41. Kg1 Ne2+ 42. Kg2 Qe4 43. Kf1 Nd4 44. Kg2 c4 45. Kg3 Qxe1 46.
Ra3 Qg1+ 47. Kf4 Qxf2+ 48. Ke4 Nb3 49. Ra4 Nc5+ 50. Kd5 Nxa4 0-1

[Event "ICS rated blitz match"]
[Site "204.178.125.65"]
[Date "2000.02.10"]
[Round "?"]
[White "Hossa"]
[Black "SharpShooter"]
[Result "1-0"]
[WhiteElo "2458"]
[BlackElo "2815"]
[PlyCount "41"]

1. e4 e5 2. Nf3 Nc6 3. Bb5 a6 4. Ba4 Nf6 5. O-O Be7 6. Re1 b5 7. Bb3 d6 8. c3
Bg4 9. d3 b4 10. Ba4 Bd7 11. cxb4 Nxb4 12. a3 Nc6 13. Qc2 Na5 14. b4 Bxa4 15.
Qxa4+ Qd7 16. Qxa5 Bd8 17. Nc3 c5 18. Qa4 Qxa4 19. Nxa4 Nd7 20. bxc5 Ba5 21.
cxd6 1-0

[Event "ICS rated blitz match"]
[Site "204.178.125.65"]
[Date "2000.02.10"]
[Round "?"]
[White "star"]
[Black "Hossa"]
[Result "1-0"]
[WhiteElo "2541"]
[BlackElo "2486"]
[PlyCount "77"]

1. e4 e5 2. Nf3 Nc6 3. Bb5 a6 4. Ba4 Nf6 5. O-O Be7 6. Re1 b5 7. Bb3 d6 8. c3
O-O 9. h3 Bb7 10. d4 Re8 11. Nbd2 Bf8 12. a4 h6 13. Qe2 exd4 14. cxd4 Na7 15.
axb5 Bxe4 16. Nxe4 Rxe4 17. Be3 Nxb5 18. d5 Qc8 19. Rec1 Qb7 20. Qd3 Re7 21.
Ra4 Kh8 22. Rc2 Nd7 23. Rc6 Nb8 24. Rc1 c6 25. Ng5 hxg5 26. Bxg5 g6 27. Rh4+
Kg8 28. dxc6 Nxc6 29. Qxg6+ Bg7 30. Rh7 Kf8 31. Qxg7+ Ke8 32. Bxe7 Ne5 33.
Bxf7+ Kd7 34. Bf6 d5 35. Bg6+ Ke6 36. Bf5+ Kxf5 37. Qg5+ Ke4 38. Qxe5+ Kd3 39.
Qe3# 1-0

[Event "ICS Rated blitz match"]
[Site "204.178.125.65"]
[Date "2000.02.10"]
[Round "?"]
[White "Hossa"]
[Black "ljb"]
[Result "1-0"]
[WhiteElo "2473"]
[BlackElo "2295"]
[PlyCount "65"]

1. e4 e6 2. d4 d5 3. Nc3 Nf6 4. e5 Nfd7 5. f4 c5 6. Nf3 a6 7. Be2 Nc6 8. dxc5
Bxc5 9. Bd3 h6 10. g4 Nd4 11. h4 Nxf3+ 12. Qxf3 Qc7 13. Bd2 b5 14. a4 b4 15.
Ne2 Bb7 16. h5 O-O-O 17. Ng3 Kb8 18. Qe2 a5 19. Rd1 Nb6 20. Bb5 d4 21. Ne4 Nd5
22. Rc1 Ne3 23. Bd3 f6 24. c3 Bxe4 25. Bxe4 bxc3 26. bxc3 d3 27. Bxd3 Ng2+ 28.
Kf1 Qd7 29. Rb1+ Ka7 30. Rh3 Nxf4 31. Bxf4 fxe5 32. Qxe5 Qd5 33. Qc7+ 1-0

[Event "ICS rated standard match"]
[Site "204.178.125.65"]
[Date "2000.02.10"]
[Round "?"]
[White "Esen"]
[Black "Hossa"]
[Result "0-1"]
[WhiteElo "2012"]
[BlackElo "2247"]
[PlyCount "76"]

1. e4 e5 2. Nf3 Nc6 3. Bb5 a6 4. Bxc6 dxc6 5. d4 exd4 6. Qxd4 Qxd4 7. Nxd4 Bd7
8. Be3 O-O-O 9. Nd2 Bc5 10. Nf5 Bb4 11. c3 Bxf5 12. exf5 Bd6 13. O-O-O Ne7 14.
g4 h5 15. h3 Nd5 16. Nc4 Bf4 17. Bxf4 Nxf4 18. Rxd8+ Rxd8 19. Kc2 Re8 20. Ne3
b5 21. gxh5 Nxh5 22. Rg1 Re4 23. Rg4 Rf4 24. Rxf4 Nxf4 25. h4 Kd7 26. Ng4 Kd6
27. Kb3 Kd5 28. f3 c5 29. Kc2 f6 30. Kd2 c4 31. a3 Kd6 32. Kc2 Ng2 33. h5 Ke7
34. Kd2 Nh4 35. h6 gxh6 36. Nxh6 Nxf3+ 37. Ke3 Ne5 38. Kd2 Kf8 0-1

[Event "ICS rated blitz match"]
[Site "204.178.125.65"]
[Date "2000.02.10"]
[Round "?"]
[White "joejan"]
[Black "Hossa"]
[Result "0-1"]
[WhiteElo "2387"]
[BlackElo "2481"]
[PlyCount "104"]

1. e4 e5 2. Nf3 Nc6 3. Bb5 a6 4. Bxc6 dxc6 5. Nc3 f6 6. h3 Be6 7. d4 exd4 8.
Nxd4 Bc4 9. Bf4 Bb4 10. Qd2 Ne7 11. a3 c5 12. axb4 cxd4 13. Ne2 Nc6 14. O-O g5
15. Bg3 d3 16. cxd3 Qxd3 17. Qxd3 Bxd3 18. Rfe1 Bxe2 19. Rxe2 Nd4 20. Re3 Nc2
21. Raa3 Nxe3 22. Rxe3 O-O-O 23. e5 fxe5 24. Rxe5 h6 25. b5 Rd1+ 26. Kh2 axb5
27. Rxb5 Re8 28. Rc5 c6 29. b4 Ree1 30. Be5 Rb1 31. Bg7 Re6 32. Bc3 b6 33. Rc4
Rf1 34. Bd4 b5 35. Rc2 Re4 36. Bc5 Ree1 37. Ra2 Ra1 38. Re2 Rfe1 39. Rd2 h5 40.
Rd6 h4 41. g3 Kc7 42. Rh6 Rh1+ 43. Kg2 Rag1+ 44. Kf3 Rxh3 45. Rh7+ Kc8 46. Rh8+
Kd7 47. Rh7+ Ke6 48. Rh6+ Kf5 49. Rxc6 hxg3 50. fxg3 Rgxg3+ 51. Ke2 Rh2+ 52.
Kf1 Rb3 0-1

[Event "ICS rated blitz match"]
[Site "204.178.125.65"]
[Date "2000.02.10"]
[Round "?"]
[White "Hossa"]
[Black "joejan"]
[Result "1-0"]
[WhiteElo "2493"]
[BlackElo "2375"]
[PlyCount "51"]

1. e4 c5 2. Nf3 d6 3. d4 cxd4 4. Nxd4 Nf6 5. Nc3 a6 6. Bg5 e6 7. f4 h6 8. Bh4
Be7 9. Qf3 Qc7 10. Be2 Nbd7 11. O-O-O b5 12. e5 dxe5 13. Ndxb5 axb5 14. Qxa8
O-O 15. Nxb5 Qb6 16. Qa7 Qxa7 17. Nxa7 exf4 18. Nxc8 Rxc8 19. Rxd7 Nxd7 20.
Bxe7 e5 21. Rd1 Rc7 22. Bb5 Nf6 23. Rd8+ Kh7 24. Bxf6 gxf6 25. Bd3+ Kg7 26. a4
1-0

[Event "ICS rated blitz match"]
[Site "204.178.125.65"]
[Date "2000.02.10"]
[Round "?"]
[White "kyrios"]
[Black "Hossa"]
[Result "0-1"]
[WhiteElo "2177"]
[BlackElo "2504"]
[PlyCount "97"]

1. d4 d5 2. c4 e6 3. Nf3 Nf6 4. g3 dxc4 5. Bg2 Bb4+ 6. Bd2 c5 7. O-O Bxd2 8.
Nbxd2 cxd4 9. Qa4+ Nc6 10. Ne5 Bd7 11. Nxd7 Qxd7 12. Qxc4 Rc8 13. Qd3 Ne5 14.
Qb3 b6 15. Rac1 O-O 16. Ne4 Nxe4 17. Bxe4 Rxc1 18. Rxc1 Rc8 19. Rxc8+ Qxc8 20.
Qb5 f6 21. Qb4 Qd7 22. Qb3 g6 23. Qb4 f5 24. Bd3 Nxd3 25. exd3 e5 26. Qc4+ Kg7
27. b4 e4 28. b5 exd3 29. Qxd3 h6 30. Kf1 Qd5 31. Ke2 Qxa2+ 32. Kf1 Qa4 33. Kg2
Kf6 34. h4 h5 35. Kh3 Qa1 36. Kg2 Qc3 37. Qe2 Qc8 38. f4 Qe6 39. Qd2 Qd5+ 40.
Kh2 Qc4 41. Qb2 Ke6 42. Kg2 Kd5 43. Kh3 Qf1+ 44. Kh2 Ke4 45. Qc2+ Kf3 46. Qc6+
Kf2 47. Qc2+ Qe2 48. Qc6 d3 49. Qg2+ 0-1

[Event "ICS rated blitz match"]
[Site "204.178.125.65"]
[Date "2000.02.10"]
[Round "?"]
[White "joejan"]
[Black "Hossa"]
[Result "0-1"]
[WhiteElo "2344"]
[BlackElo "2508"]
[PlyCount "62"]

1. e4 e5 2. Nf3 Nc6 3. Bb5 a6 4. Bxc6 dxc6 5. Nc3 f6 6. h3 Be6 7. d4 exd4 8.
Qxd4 Qxd4 9. Nxd4 Bf7 10. O-O Bb4 11. Nce2 c5 12. Nf5 g6 13. Ne3 O-O-O 14. b3
Re8 15. f3 Rd8 16. Kf2 Be6 17. Bb2 c4 18. Rfd1 cxb3 19. axb3 Rxd1 20. Rxd1 Bd6
21. f4 h5 22. e5 Be7 23. Nd4 Kd7 24. c4 h4 25. f5 gxf5 26. Nexf5 fxe5 27. Nf3+
Ke8 28. Ng7+ Kf7 29. Nxe6 Kxe6 30. Bxe5 Rh7 31. Bxc7 Bc5+ 0-1

[Event "ICS rated blitz match"]
[Site "204.178.125.65"]
[Date "2000.02.10"]
[Round "?"]
[White "Hossa"]
[Black "joejan"]
[Result "1-0"]
[WhiteElo "2517"]
[BlackElo "2335"]
[PlyCount "43"]

1. e4 e5 2. Nf3 Nc6 3. Bb5 a6 4. Ba4 Nf6 5. O-O Be7 6. Re1 b5 7. Bb3 Bb7 8. d4
Nxd4 9. Nxd4 exd4 10. e5 Ne4 11. Qf3 d5 12. Rxe4 dxe4 13. Bxf7+ Kd7 14. Qf5+
Kc6 15. Qe6+ Kc5 16. b4+ Kxb4 17. Ba3+ Ka5 18. Bxe7 Qc8 19. Qb3 c5 20. Be6 Qc6
21. Bd7 Qc7 22. Bd6 1-0

[Event "ICS rated blitz match"]
[Site "204.178.125.65"]
[Date "2000.02.10"]
[Round "?"]
[White "HaraldLdahl"]
[Black "Hossa"]
[Result "0-1"]
[WhiteElo "2130"]
[BlackElo "2525"]
[PlyCount "62"]

1. e4 e5 2. Nc3 Nf6 3. f4 d5 4. fxe5 Nxe4 5. d3 Nxc3 6. bxc3 c5 7. Bf4 Be7 8.
Nf3 Nc6 9. Be2 g5 10. Bg3 g4 11. Nd2 Bh4 12. Bxg4 Bxg3+ 13. hxg3 Qg5 14. Bxc8
Qxg3+ 15. Kf1 Rxc8 16. Nf3 Rg8 17. Qe2 Rg7 18. Re1 Ne7 19. Qf2 Qg6 20. Nh4 Qg4
21. Qf3 Qe6 22. Rh3 Rg5 23. Rg3 Rxe5 24. Rxe5 Qxe5 25. Qg4 Rc6 26. Nf3 Qxc3 27.
Qg7 Qxg7 28. Rxg7 Rh6 29. Rg5 Ra6 30. Rh5 Rxa2 31. Rxh7 Rxc2 0-1

[Event "ICS rated standard match"]
[Site "204.178.125.65"]
[Date "2000.02.11"]
[Round "?"]
[White "Hossa"]
[Black "star"]
[Result "0-1"]
[WhiteElo "2254"]
[BlackElo "2567"]
[PlyCount "72"]

1. e4 e5 2. Nf3 Nc6 3. Bb5 d6 4. d4 Bd7 5. Nc3 exd4 6. Nxd4 Nf6 7. Bxc6 Bxc6 8.
Nxc6 bxc6 9. Qd4 c5 10. Qd3 Be7 11. O-O O-O 12. Rd1 Rb8 13. Qe2 Re8 14. g3 Nd7
15. Nd5 Nb6 16. c3 Nxd5 17. Rxd5 Qc8 18. Rh5 c6 19. f3 g6 20. Rh6 f5 21. Qc4+
Kg7 22. b3 fxe4 23. fxe4 Bf6 24. Bf4 Qe6 25. Qa6 Qxe4 26. Qxa7+ Re7 27. Qxb8
Bxc3 28. h4 Bd4+ 29. Kh2 Qc2+ 30. Kh1 Qf5 31. Qc8 Qxc8 32. Rxh7+ Kxh7 33. g4
Qxg4 34. Rf1 Qh3+ 35. Bh2 Qxf1+ 36. Bg1 Qxg1# 0-1

[Event "ICS Rated blitz match"]
[Site "204.178.125.65"]
[Date "2000.02.11"]
[Round "?"]
[White "Amateur"]
[Black "Hossa"]
[Result "1-0"]
[WhiteElo "2427"]
[BlackElo "2528"]
[PlyCount "115"]

1. c4 e5 2. Nc3 Nf6 3. Nf3 Nc6 4. d4 exd4 5. Nxd4 Bb4 6. Bg5 h6 7. Nxc6 Bxc3+
8. bxc3 bxc6 9. Bh4 d6 10. Qd4 g5 11. Bg3 c5 12. Qd3 Rb8 13. Rb1 Rb6 14. e3 Bb7
15. f3 Nh5 16. Bf2 Qe7 17. Be2 g4 18. O-O gxf3 19. Bxf3 Bxf3 20. gxf3 Qg5+ 21.
Kh1 Qg6 22. Qd1 Nf6 23. Qa4+ Ke7 24. Rxb6 axb6 25. Qc6 Ne8 26. Bh4+ f6 27. e4
Rg8 28. Bg3 Qh5 29. Kg2 Qe5 30. Rc1 Rg6 31. Kf2 Qe6 32. Qb5 h5 33. Rg1 Qg8 34.
h4 Rg7 35. Rg2 Kf8 36. Qb3 Qh7 37. Qc2 Ke7 38. Rg1 Qg8 39. Qe2 Kd7 40. Qd3 c6
41. a4 Qe6 42. Kg2 Kc8 43. Rb1 Qg8 44. f4 Kc7 45. Ra1 Rg4 46. Kf2 Qg7 47. a5
bxa5 48. Rxa5 Qh6 49. Ra7+ Kb6 50. Re7 Ka5 51. Qb1 Qxf4+ 52. Bxf4 Rxf4+ 53. Ke3
Nc7 54. Rxc7 Rxe4+ 55. Kxe4 d5+ 56. Kf3 Ka6 57. Qb7+ Ka5 58. Qa7# 1-0

[Event "ICS rated standard match"]
[Site "204.178.125.65"]
[Date "2000.02.11"]
[Round "?"]
[White "Hossa"]
[Black "cwalter"]
[Result "1-0"]
[WhiteElo "2249"]
[BlackElo "2079"]
[PlyCount "55"]

1. e4 c5 2. Nf3 d6 3. d4 cxd4 4. Nxd4 Nf6 5. Nc3 a6 6. Bg5 e6 7. f4 Be7 8. Qf3
Qc7 9. O-O-O Nbd7 10. g4 b5 11. Bxf6 Nxf6 12. g5 Nd7 13. f5 Nc5 14. f6 gxf6 15.
gxf6 Bf8 16. Rg1 Bd7 17. Rg7 O-O-O 18. Rxf7 Bh6+ 19. Kb1 Rdf8 20. Ndxb5 axb5
21. Nxb5 Qa5 22. Nxd6+ Kb8 23. Qh5 Rd8 24. Qxh6 Be8 25. Qf4 Bxf7 26. Nxf7+ e5
27. Qxe5+ Ka8 28. Nxd8 1-0

[Event "ICS rated standard match"]
[Site "204.178.125.65"]
[Date "2000.02.11"]
[Round "?"]
[White "cwalter"]
[Black "Hossa"]
[Result "0-1"]
[WhiteElo "2062"]
[BlackElo "2254"]
[PlyCount "62"]

1. e4 e5 2. Nf3 Nc6 3. Bb5 a6 4. Ba4 Nf6 5. O-O Be7 6. Re1 b5 7. Bb3 d6 8. c3
O-O 9. h3 Bb7 10. d4 Re8 11. Nbd2 Bf8 12. Bc2 g6 13. d5 Ne7 14. Nf1 Bg7 15. b3
Qd7 16. Bg5 c6 17. c4 cxd5 18. cxd5 Rac8 19. Rc1 Rc7 20. Bb1 Rec8 21. Qd2 Ne8
22. Bh6 f5 23. Bxg7 Kxg7 24. Rxc7 Nxc7 25. Nxe5 dxe5 26. d6 Rd8 27. Rd1 Qe6 28.
exf5 Nxf5 29. Qa5 Rd7 30. Bxf5 gxf5 31. Qd2 Ne8 0-1